Datum a čas kvízu
23
Celkem bodů
Celkový počet nahraných bodů na tomto kvízu bez doplňovacích otázek.
4.
Pořadí na kvízu
Konečné umístění týmu na tomto kvízu.
Zaznamenané odpovědi
| # | Otázka | Odpověď | Body | Výsledky |
|---|---|---|---|---|
| 1. | Státní zemědělská a potravinář... | o pálivé chipsy (lupínky) | 0 | |
| 2. | Ve kterém evropském státě se m... | v Nizozemsku | 0 | |
| 3. | Ve čtvrtek měl premiéru americ... | Ridley Scott, Joaquin Phoenix | 0.5 | |
| 4. | Státní firma Čepro, která prov... | Robin Oil | 0 | |
| 5. | Německá fotbalová reprezentace... | Rakousko, 2:0 | 0 | |
| 6. | Střední Asií budeme mít na mys... | Kazachstán | 1 | |
| 7. | Ač jsou některé státy Střední... | 1D 2C 3A 4B | 0 | |
| 8. | Ve kterém státě byste hledali... | Turkmenistán | 0 | |
| 9. | Z Buchary, která se dnes nachá... | Avicenna | 0 | |
| 10. | Ve kterém státě se nachází měs... | Tádžikistán | 0 |